|
|
|
|
| LEADER |
00000nam0a2200000 4500 |
| 001 |
113894 |
| 005 |
20231031122037.0 |
| 035 |
|
|
|a (RuTPU)RU\TPU\book\123165
|
| 090 |
|
|
|a 113894
|
| 100 |
|
|
|a 20070417d1971 m y0rusy50 ca
|
| 101 |
0 |
|
|a rus
|
| 102 |
|
|
|a RU
|
| 105 |
|
|
|a af j 001zy
|
| 200 |
1 |
|
|a История зарубежного искусства
|e учебник
|f АХ СССР, НИИ теории и истории изобразительных искусств ; под ред. М. Т. Кузьминой и Н. Л. Мальцевой
|
| 210 |
|
|
|a Москва
|c Искусство
|d 1971
|
| 215 |
|
|
|a 359 с.
|c ил.
|
| 320 |
|
|
|a Указ. имен: с. 354-357.
|
| 610 |
1 |
|
|a зарубежное искусство
|
| 610 |
1 |
|
|a история
|
| 610 |
1 |
|
|a учебники
|
| 610 |
1 |
|
|a первобытное искусство
|
| 610 |
1 |
|
|a Древний мир
|
| 610 |
1 |
|
|a средние века
|
| 610 |
1 |
|
|a эпоха Возрождения
|
| 610 |
1 |
|
|a 17 век
|
| 610 |
1 |
|
|a 18 век
|
| 610 |
1 |
|
|a 19 век
|
| 610 |
1 |
|
|a зарубежные страны
|
| 675 |
|
|
|a 72
|v 3
|
| 675 |
|
|
|a 73/76И
|v 3
|
| 702 |
|
1 |
|a Кузьмина
|b М. Т.
|g Мария Тимофеевна
|4 340
|
| 702 |
|
1 |
|a Мальцева
|b Н. Л.
|4 340
|
| 712 |
0 |
2 |
|a Академия художеств СССР (АХ СССР)
|b Научно-исследовательский институт теории и истории изобразительных искусств
|c (Москва)
|2 stltpush
|3 (RuTPU)RU\TPU\col\11798
|
| 801 |
|
1 |
|a RU
|b 63413507
|c 20070417
|g PSBO
|
| 801 |
|
2 |
|a RU
|b 63413507
|c 20080118
|g PSBO
|
| 942 |
|
|
|c BK
|